Score 0/10 Timer 03:00
0 Plays Today
Question Answer Wrong Answers
To exist or occur at a time
earlier than (something)
Predate
93.9%
Precept
1.8%
Prelate
2.2%
Prevail
1%
A space enclosed by the walls or other boundaries of
a particular place or building, often a Police Department
Precinct
93.8%
Precis
1.7%
Premier
1.3%
Prelate
0.5%
To prove more powerful or superior
than opposing forces
Prevail
93.7%
Precede
2.3%
Precept
2.2%
Predate
1.2%
A very steep rock face or cliff,
especially a tall one
Precipice
93.1%
Precinct
1.4%
Precis
3.7%
Preamble
1.4%
A strong feeling that something is about to happen,
especially something unpleasant
Premonition
91.3%
Prerogative
1.1%
Precedent
1%
Precept
1.4%
An introductory statement in a document
explaining its purpose and underlying philosophy
Preamble
86.4%
Prelate
1.5%
Precept
6.4%
Premier
1.3%
To speak or act in an evasive way
with the intent to mislead
Prevaricate
78%
Presage
5.4%
Precept
8.4%
Preach
5%
An exclusive right or privilege,
exercised by virtue of rank, office, etc.
Prerogative
67.8%
Precept
5.4%
Precedent
15.7%
President
6.2%
Church dignitary of a high order,
such as a bishop or abbot
Prelate
50.1%
Precis
8.4%
Preceptor
23%
Prestidigitator
16.5%
A concise summary or abstract of
a book, article, or other text
Précis
49.7%
Prequel
16.7%
Precept
29.1%
Preach
0.8%
Remove Ads.
Support Sporcle.
Get the best of Sporcle when you Go Orange. This ad-free experience offers more features, more stats, and more fun while also helping to support Sporcle. Thank you for becoming a member.

You're not logged in!

Compare scores with friends on all Sporcle quizzes.
OR
Log In

Show Comments

Extras

Top Quizzes Today


Score Distribution

Your Account Isn't Verified!

In order to create a playlist on Sporcle, you need to verify the email address you used during registration. Go to your Sporcle Settings to finish the process.

Report this User

Report this user for behavior that violates our Community Guidelines.

Details: